Most Mentally Stimulating.....US States Quiz Stats

 Plays Quiz not verified by Sporcle

Challenge
Share
Tweet
Embed
Score 0/25 Timer 04:00
0 Plays Today
% Correct
California
97.6%
New York
95.1%
Florida
86.2%
Texas
85.4%
Illinois
84.6%
Washington
84.6%
New Jersey
82.9%
Pennsylvania
82.1%
Colorado
78%
Michigan
75.6%
Ohio
74%
Georgia
73.2%
Arizona
68.3%
% Correct
Virginia
66.7%
Minnesota
63.4%
Indiana
61.8%
Maryland
60.2%
Wisconsin
48%
Kansas
38.2%
New Mexico
31.7%
Kentucky
30.1%
Maine
25.2%
Iowa
24.4%
Alabama
19.5%
Montana
16.3%

You're not logged in!

Compare scores with friends on all Sporcle quizzes.
OR
Log In

You Might Also Like...

Show Comments

Extras

Top Quizzes Today


Score Distribution

Your Account Isn't Verified!

In order to create a playlist on Sporcle, you need to verify the email address you used during registration. Go to your Sporcle Settings to finish the process.

Report this User

Report this user for behavior that violates our Community Guidelines.

Details: